Archiving architectural thesis -2016 (Record no. 8200)

000 -LEADER
fixed length control field 00347nam a22001337a 4500
003 - CONTROL NUMBER IDENTIFIER
control field OSt
005 - DATE AND TIME OF LATEST TRANSACTION
control field 20200812122712.0
008 - FIXED-LENGTH DATA ELEMENTS--GENERAL INFORMATION
fixed length control field 200812b ||||| |||| 00| 0 eng d
020 ## - INTERNATIONAL STANDARD BOOK NUMBER
International Standard Book Number 9789384204082
100 ## - MAIN ENTRY--PERSONAL NAME
Personal name Jayashri Deshpande
245 ## - TITLE STATEMENT
Title Archiving architectural thesis -2016
260 ## - PUBLICATION, DISTRIBUTION, ETC. (IMPRINT)
Place of publication, distribution, etc New Delhi
Name of publisher, distributor, etc Council of Architecture
Date of publication, distribution, etc 2016
942 ## - ADDED ENTRY ELEMENTS (KOHA)
Source of classification or shelving scheme
Holdings
Withdrawn status Lost status Source of classification or shelving scheme Damaged status Not for loan Permanent location Current location Date acquired Barcode Date last seen Price effective from Koha item type
          BMS College of Architecture, Design and Planning BMS College of Architecture, Design and Planning 2020-08-12 AR-UG1336 2020-08-12 2020-08-12 UG Books
          BMS College of Architecture, Design and Planning BMS College of Architecture, Design and Planning 2020-08-12 AR-UG1337 2020-08-12 2020-08-12 UG Books
          BMS College of Architecture, Design and Planning BMS College of Architecture, Design and Planning 2020-08-12 AR-UG1338 2020-08-12 2020-08-12 UG Books
Copyright © 2025, The Librarian, Library and Information Centre, BMSCA D&P, Bengaluru. All Rights Reserved
web counter

Powered by Koha